000 00774nam a22002297a 4500
999 _c15426
_d15426
003 AR-CdUCM
008 190427b ||||| |||| 00| 0 spa d
020 _a968-879-018-4
040 _aMUNICIPALIDAD PROVINCIAL DEL CUSCO
_cBIBLIOTECA MUNICIPAL DEL CUSCO
082 _aEP / 372 /
_bL86
100 _aLopez Castro, Rafael
_94732
245 _aEscribir con imagenes :
_bAntiguos nombres mexicanos para iluminar /
260 _aMexico :
_bSEP cultura,
_bEdiciones del ErmitaƱo,
_c1984.
300 _a38 paginas ;
_bEdiciones del ErmitaƱo.
_c27 cm.
500 _aCuentos escribir con imagenes
650 _aCuentos
_9217
650 _aImagenes
_927679
650 _aDibujos
_92628
700 _aGarrido, Felipe
_934494
942 _2ddc
_cLIBROS
945 _apjha
_d2019-04-27